1104 1168 1176 1007 1249 1952 1580 1096 1820 1996 1128 1551 1928 1483 1114 1820 1509 1178 1374 1025 1421 1200 1806 1418 1200 1952 1147 1019 1179 1317 1333 1513 1123 1528 1876 1120 1529 1298 1617 1961 1129 1147 1414 1351 1669 1887 1805 1845 1090 1425 1926 1263 1867 1790 1278 1301 1662 1685 1616 1669 1705 1286 1956 1437 1503 1011 1408 1884 1837 1759 1423 1523 1509 1160 1244 1409 1386 1458 1826 1387 1758 1758 1674 1440 1313 1625 1259 1821 1355 1893 1810 1547 1996 1537 1900 1150 1323 1823 1548 BCNSPRNW ULIB Ver.6.0+V

เปลี่ยนเป็นภาษาไทย

Change to English
 แสดงรายละเอียดบรรณานุกรม
  กลับหน้าหลัก

Brief Record : Get Marc (ISO 2709) : E-mail record : QR code < ปิดหน้าต่าง
LEADER : 00000nam 2200000uu 4500
001    13399128071
003     ULIB
008    220502s2564||||th 000 0 tha d
020    ^a9786165868280
060 04 ^aWY160^bด164ภ
100 0  ^aดวงใจ วัฒนสินธุ์
245 10 ^aภาวะซึมเศร้าในวัยรุ่นแนวคิดพื้นฐานและการพยาบาล =^bAdolescentdepression : basic concepts and nursing care /^cดวงใจวัฒนสินธุ์
246 31 ^aAdolescent depression : basic concepts and nursing care
260    ^aเชียงใหม่ :^bวนิดาการพิมพ์,^c2564
300    ^aก-ซ, 256หน้า :^bภาพประกอบ ;^c26 ซม.
650  4 ^aความซึมเศร้า
650  4 ^aภาวะซึมเศร้า
650  4 ^aโรคซึมเศร้า
650  4 ^aวัยรุ่น
945    ^p290^l0^i29229
945    ^p290^l0^i29230
945    ^p290^l0^i29231
945    ^p290^l0^i29232
945    ^p290^l0^i29233
999    ^aกัณชพร จุลอักษร
รายการนี้ยังไม่มีแท็ก
คุณยังไม่ได้ล็อกอิน คุณสามารถมีกิจกรรมร่วมกับเว็บไซต์ได้ แต่ต้องล็อกอินก่อน ::
  ล็อกอิน

รายการสื่อสารสนเทศ

ลำดับที่ ประเภท เลขเรียก/บาร์โค้ด สถานที่ สถานะ
1. หนังสือสำรอง
หนังสือสำรอง
WY160 ด164ภ ฉ.1 
  Barcode: 29229
ห้องสมุดวิทยาเขตสวรรค์ประชารักษ์
►หนังสือทั่วไป
บนชั้น
2. วิทยาศาสตร์การแพทย์ และสุขภาพ
วิทยาศาสตร์การแพทย์ และสุขภาพ
WY160 ด164ภ ฉ.2 
  Barcode: 29230
ห้องสมุดวิทยาเขตสวรรค์ประชารักษ์
►หนังสือทั่วไป
บนชั้น
3. วิทยาศาสตร์การแพทย์ และสุขภาพ
วิทยาศาสตร์การแพทย์ และสุขภาพ
WY160 ด164ภ ฉ.3 
  Barcode: 29231
ห้องสมุดวิทยาเขตสวรรค์ประชารักษ์
►หนังสือทั่วไป
บนชั้น
4. วิทยาศาสตร์การแพทย์ และสุขภาพ
วิทยาศาสตร์การแพทย์ และสุขภาพ
WY160 ด164ภ ฉ.4 
  Barcode: 29232
ห้องสมุดวิทยาเขตสวรรค์ประชารักษ์
►หนังสือทั่วไป
บนชั้น
5. วิทยาศาสตร์การแพทย์ และสุขภาพ
วิทยาศาสตร์การแพทย์ และสุขภาพ
WY160 ด164ภ ฉ.5 
  Barcode: 29233
ห้องสมุดวิทยาเขตสวรรค์ประชารักษ์
►หนังสือทั่วไป
บนชั้น

รายการใกล้เคียง
    ผู้แต่ง [ดวงใจ วัฒนสินธุ์]

    หัวเรื่อง [ความซึมเศร้า]
    หัวเรื่อง [ภาวะซึมเศร้า]
    หัวเรื่อง [โรคซึมเศร้า]
    หัวเรื่อง [วัยรุ่น]

BibComment


ยังไม่เคยถูกคอมเมนท์

คอมเมนท์ทรัพยากรรายการนี้
  คอมเมนท์: ภาวะซึมเศร้าในวั..


 Copyright 2026. Bcnsprnw @Library